| 000 | 00622nam a2200181 i 4500 | ||
|---|---|---|---|
| 001 | 158012 | ||
| 003 | ES-MaACL | ||
| 005 | 20230906210940.0 | ||
| 008 | 990225s1866 sp |||| | spa d | ||
| 040 |
_aCCPB | B _bspa _cCCPB | B |
||
| 100 | 1 |
_aLópez de Letona, Antonio. _9129237 |
|
| 245 | 1 | 0 |
_aEstudios críticos sobre el estado militar de España / _cpor Antonio López de Letona. |
| 260 |
_aMadrid : _b[s.n.], _c1866 ( _fImp. de José M. Ducazcal) |
||
| 300 |
_a252 p. ; _c24 cm. |
||
| 651 | 4 |
_aEspaña- _xHistoria militar- _yS.XIX. _98374 |
|
| 752 |
_aEspaña - _dMadrid |
||
| 852 |
_aES-MaACL _jG-9521 _z- Enc. hol. |
||
| 999 |
_c158012 _d158012 |
||